Introduction to The Constitution: (Record no. 183173)
[ view plain ]
| 000 -LEADER | |
|---|---|
| fixed length control field | 00720 a2200205 4500 |
| 005 - DATE AND TIME OF LATEST TRANSACTION | |
| control field | 20211217172430.0 |
| 010 ## - LCCN (DPL NO) | |
| LC control number | ENG-130404 |
| 020 ## - INTERNATIONAL STANDARD BOOK NUMBER | |
| International Standard Book Number | 978-93-8999-159-8 |
| Terms of availability | 525.00 |
| 035 ## - SYSTEM CONTROL NUMBER | |
| System control number | EN-113936 |
| 037 ## - SOURCE OF ACQUISITION | |
| Source of stock number/acquisition | DBAD/PUB |
| 082 ## - DEWEY DECIMAL CLASSIFICATION NUMBER | |
| Classification number | 342.54 |
| Item number | 1 |
| 100 ## - MAIN ENTRY--PERSONAL NAME | |
| Personal name | Basu, Durga Das |
| 245 ## - TITLE STATEMENT | |
| Title | Introduction to The Constitution: |
| Statement of responsibility, etc | Durga Das Basu |
| 250 ## - EDITION STATEMENT | |
| Edition statement | 25th Edition |
| 260 ## - PUBLICATION, DISTRIBUTION, ETC. (IMPRINT) | |
| Place of publication, distribution, etc | Haryana |
| Name of publisher, distributor, etc | Lexis Nexis(A Division of RELX India Pvt Ltd) |
| Date of publication, distribution, etc | 2021 |
| 270 ## - ADDRESS | |
| Address | 14th floor, Building No 10,Tower-B, DLF Cyber City, Phase-II |
| City | Gurgaon |
| Postal code | 1122002 |
| Telephone number | +91 1244774444 |
| Electronic mail address | help.in@lexisnexis.com |
| Fax number | +91 1244774100 |
| 300 ## - PHYSICAL DESCRIPTION | |
| Extent | xxix,507p. |
| Dimensions | 23cm (pbk) |
| 700 ## - ADDED ENTRY--PERSONAL NAME | |
| Personal name | Shukla, Ashish |
| 942 ## - ADDED ENTRY ELEMENTS (KOHA) | |
| Institution code [OBSOLETE] | dpl |
| Item type | English Books |
| Source of classification or shelving scheme | Dewey Decimal Classification |
| Classification part | 342.54 |
| Call number suffix | BAS |
| Withdrawn status | Lost status | Not for loan | Collection code | Home library | Current library | Date acquired | Source of acquisition | Cost, normal purchase price | Full call number | Barcode | Copy number | Cost, replacement price | Koha item type |
|---|---|---|---|---|---|---|---|---|---|---|---|---|---|
| Non-fiction | Patel Nagar | Patel Nagar | 17/12/2021 | DBAD/PUB | 525.00 | 342.54 BAS | EN-113936 | 1 | 525.00 | English Books |
